The United States and Turkey and Iran / (Record no. 64467)
[ view plain ]
| 000 -LEADER | |
|---|---|
| fixed length control field | 01081nam a2200301 a 4500 |
| 001 - CONTROL NUMBER | |
| control field | 64467 |
| 003 - CONTROL NUMBER IDENTIFIER | |
| rucl marc code | BD-RjUL |
| 005 - DATE AND TIME OF LATEST TRANSACTION | |
| control field | 20211209081319.0 |
| 008 - FIXED-LENGTH DATA ELEMENTS--GENERAL INFORMATION | |
| fixed length control field | 170215s1951 maub b 001 0 eng |
| 035 ## - SYSTEM CONTROL NUMBER | |
| System control number | (BD-RjUL)64597 |
| 040 ## - CATALOGING SOURCE | |
| Original cataloging agency | DLC |
| Transcribing agency | DLC |
| Modifying agency | BD-RjUL |
| Language of cataloging | eng |
| 041 ## - LANGUAGE CODE | |
| Language code of text/sound track or separate title | eng |
| 082 ## - DEWEY DECIMAL CLASSIFICATION NUMBER | |
| Edition number | 23 |
| Classification number | 956.1 |
| Author mark and year | THU 1951 |
| 100 1# - MAIN ENTRY--PERSONAL NAME | |
| Personal name | Thomas, Lewis V. |
| Fuller form of name | (Lewis Victor), |
| Dates associated with a name | 1914-1965. |
| 9 (RLIN) | 191256 |
| 245 14 - TITLE STATEMENT | |
| Title | The United States and Turkey and Iran / |
| Statement of responsibility, etc. | by Lewis V. Thomas and Richard N. Frye. |
| 260 ## - PUBLICATION, DISTRIBUTION, ETC. (IMPRINT) | |
| Place of publication, distribution, etc. | Cambridge : |
| Name of publisher, distributor, etc. | Harvard University Press, |
| Date of publication, distribution, etc. | c1951. |
| 300 ## - PHYSICAL DESCRIPTION | |
| Pagination | xii, 291 p. : |
| Illustrations | ill, ; |
| Size | 20 cm. |
| 500 ## - GENERAL NOTE | |
| General note | Include index |
| 651 #0 - SUBJECT ADDED ENTRY--GEOGRAPHIC NAME | |
| Geographic name | Turkey. |
| 9 (RLIN) | 191121 |
| Geographic name | United States |
| General subdivision | Foreign relations |
| Geographic subdivision | Turkey. |
| 9 (RLIN) | 191258 |
| Geographic name | Turkey |
| General subdivision | Foreign relations |
| Geographic subdivision | United States. |
| 9 (RLIN) | 191259 |
| Geographic name | Iran. |
| 9 (RLIN) | 191260 |
| Geographic name | United States |
| General subdivision | Foreign relations |
| Geographic subdivision | Iran. |
| 9 (RLIN) | 172673 |
| Geographic name | Iran |
| General subdivision | Foreign relations |
| Geographic subdivision | United States. |
| 9 (RLIN) | 172674 |
| 700 1# - ADDED ENTRY--PERSONAL NAME | |
| Personal name | Frye, Richard N. |
| Fuller form of name | (Richard Nelson), |
| Dates associated with a name | 1920-2014. |
| 942 ## - ADDED ENTRY ELEMENTS (KOHA) | |
| Source of classification or shelving scheme | Dewey Decimal Classification |
| Koha item type | Books |
| Lost status | Source of classification or shelving scheme | Damaged status | Not for loan | Collection code | Permanent Location | Current Location | Shelving location | Date acquired | Source of acquisition | Cost, normal purchase price | Total Checkouts | Full call number | Date last seen | Copy number | Koha item type |
|---|---|---|---|---|---|---|---|---|---|---|---|---|---|---|---|
| Dewey Decimal Classification | Not For Loan | Non-fiction | Central Library, University of Rajshahi | Central Library, University of Rajshahi | Reading Room | 25/11/1966 | Qhector ins. | 40.00 | 956.1 THU 1951 | 15/02/2017 | C-1 | Books |